00983nam a2200241Ia 4500003000900000008004100009020001700050040001600067080002200083111009700105245016100202260004200363300001400405490002600419650003400445650002100479650004900500700003500549710003700584942000700621999001500628952009800643IN-BaIIA211028s9999 xx 000 0 eng d a90-277-04600 cIIA Library a082.2:52bIAU-S58 aInternational Astronomical Union Symposiumn58thcCanberra, Austriliad1973 Aug. 12-1598271 4aThe formation and dynamics of galaxiesbproceedings of the IAU symposium no.58 held in Canberra, Australia, August 12-15, 1973cedited by John R. Shakeshaft aDordrechtbD. Reidel Publishingc1974 axv, 441p. aIAU Symposium; no. 58 a Dynamical evolution 98272 a Galaxies98273 aAstronomy and Astrophysics Thesaurus 91143 aShakeshaft, John R., ed.98274 aInternational Astronomical Union cBK c4669d4669 00104070aBANbBANcGENd1975-02-10l0o082.2:52/ IAU-S58p5210r2021-11-05w1975-02-10yBK